| 000 | 00701nam a2200205 i 4500 | ||
|---|---|---|---|
| 001 | 110584 | ||
| 003 | ES-MaACL | ||
| 005 | 20230906185108.0 | ||
| 007 | t| | ||
| 008 | 070202s1944 sp ||||1| spa d | ||
| 080 | _a544(075.8) | ||
| 100 | 1 |
_aCurtman, Louis J. _942253 |
|
| 245 | 1 | 0 |
_aAnálisis químico cualitativo basado en las leyes de equilibrio y en la teoría de la ionización / _cpor Luis J. Curtman ; traducción por E. Jimeno. |
| 250 | _a[3ª] ed. | ||
| 260 |
_aBarcelona : _bManuel Marín, _c[1944?] |
||
| 300 |
_aXII, 572 p., 1 lám. pleg. ; _c22 cm. |
||
| 650 | 4 |
_aAnálisis químico cualitativo. _99776 |
|
| 700 | 1 |
_aJimeno, Emilio. _966638 |
|
| 852 |
_aES-MaACL _jE-2353 _bR.36979 |
||
| 999 |
_c110584 _d110584 |
||